00193nam a2200073Ia 4500008004100000245003800041260002800079546001200107170619s9999 xx 000 0 und d 0aNational capital region directory bNational capital region aENGLISH